01784nas a2200241 i 4500003000900000005001700009007000300026008004100029040003000070041000800100110002600108245009300134250005000227264009300277300005400370336002700424337003400451338002800485362003500513520088800548650004101436650006501477DO-SdBNP20260529123520.0ta260527e2024 dr mo|p|r||||||0| | spa d aDO-SdBNPbspacBNPHUerda aspa aFundación Don Bosco aJuventud 2000 :bedición especial 50 aniversario P. Vicente /cFundación Don Bosco.  aEdición especial 50 aniversario P. Vicente. aSanto Domingo , República Dominicana :bFundación Don Bosco.bEditora Búho,c2024. avolumen :bilustración, fotografías ;c28 cm. atextobtxt2rdacontent asin mediación bn2rdamedia avolumenbnc2rdacarrier aEdición especial agosto 2024 aEsta edición especial de la revista Juventud 2000 está diseñada evocando su diseño original. Por eso la sencillez de su presentación y también el azul que sera el color de tinta más utilizando. Se editaba y se diseñaba en "stencils", en una máquina de escribir y se imprimí en un mimeógrafo, Berto Rosa estuvo responsabilizado de esta tarea por mucho tiempo. en una ronda en torno a una mesa donde se colocaba cada hoja, íbamos compaginando la revista al final le colocaba tres grapas. Era mágico. Jose Frank rosario se ha encargado de editar y corregir los artículos, Benjamín García ha hecho el trabajo de diagramar y diseñar, como antes lo hicieron, aunque en etapas diferentes. El universo conspira. Las fotografías de esta edición las han suministrado Luis Manuel brito, Bert Rosa, Domingo Gómez, Benjamín García y Reynaldo Castillo. aHomenajevPublicaciones periódicas 0aJuventudvPublicaciones periódicasxRepública Dominicana